000 nam a22 7a 4500
999 _c8952
_d8952
008 180122b ||||| |||| 00| 0 eng d
100 _aChandra.R.
_95256
245 _aDrill Excercises in Maths
260 _aNew Delhi
_bArya
_c2008